| 000 | 00578nam a2200193Ia 4500 | ||
|---|---|---|---|
| 001 | 12915 | ||
| 003 | GE_BSU | ||
| 008 | 181216s||||||||xx |||||||||||||| ||und|| | ||
| 040 | _cGE_BSU | ||
| 080 | _a632(035) | ||
| 245 | _aСловарь-справочник фитопатолога | ||
| 245 | _cПод ред.Н.П.Головина. Ред.О.Е.Реутская | ||
| 260 | _aМосква | ||
| 260 | _bСельхозгиз | ||
| 260 | _c1955 | ||
| 300 | _a414стр.илл.20см. | ||
| 653 | _aСловарь-справочник фитопатолога | ||
| 942 | _cBK | ||
| 999 |
_c46085 _d46085 |
||